三国年号 - Statistics

General Stats
  • This quiz has been taken 40 times
  • The average score is 8 of 33
Answer Stats
皇帝 时代 年号 % Correct
吴大帝孙权 229 - 231 黄龙
71%
魏文帝曹丕 220 - 226 黄初
68%
蜀汉昭烈帝刘备 221 - 223 章武
50%
魏齐王曹芳 240 - 249 正始
46%
蜀汉后主刘禅 223 - 237 建兴
46%
吴会稽王孙亮 252 - 253 建兴
46%
吴大帝孙权 238 - 251 赤乌
43%
吴大帝孙权 222 - 229 黄武
36%
魏明帝曹叡 233 - 237 青龙
32%
魏高贵乡公曹髦 256 - 260 甘露
32%
吴乌程侯孙皓 265 - 266 甘露
32%
蜀汉后主刘禅 258 - 263 景耀
29%
蜀汉后主刘禅 263 炎兴
29%
吴大帝孙权 232 - 238 嘉禾
25%
魏明帝曹叡 227 - 233 太和
21%
魏齐王曹芳 249 - 254 嘉平
18%
蜀汉后主刘禅 238 - 257 延熙
18%
吴乌程侯孙皓 272 - 274 凤凰
18%
吴乌程侯孙皓 275 - 276 天册
18%
吴乌程侯孙皓 276 天玺
18%
魏明帝曹叡 237 - 239 景初
14%
魏高贵乡公曹髦 254 - 256 正元
14%
魏元帝曹奂 260 - 264 景元
11%
吴会稽王孙亮 254 - 256 五凤
11%
吴乌程侯孙皓 277 - 280 天纪
11%
魏元帝曹奂 264 - 265 咸熙
7%
吴大帝孙权 251 - 252 太元
7%
吴大帝孙权 252 神凤
7%
吴会稽王孙亮 256 - 258 太平
7%
吴景帝孙休 258 - 264 永安
7%
吴乌程侯孙皓 264 - 265 元兴
7%
吴乌程侯孙皓 266 - 269 宝鼎
7%
吴乌程侯孙皓 269 - 271 建衡
4%
No matching quizzes found
Score Distribution
Percent of People with Each Score
Percentile by Number Answered
Your Score History
You have not taken this quiz